000 00450nam a22001577a 4500
005 20251108163353.0
008 250721s1984 xx 000 0 ara d
082 1 4 _a001.642/ملا
100 1 _aالملاحي، علي فلاح
245 1 0 _aكوبول لغة لبرمجة الحاسب الآلي /
264 1 _aأربد :
_bمكتبة الملاحي،
_c1984.
300 _a319ص
650 1 7 _aالحواسيب
942 _2ddc
_cBK
999 _c961
_d961